[Event "Cheliabinsk Lozovatsky Memorial-A"]
[Site "Cheliabinsk"]
[Date "2023.01.31"]
[Round "5"]
[White "Tunik, Gennady"]
[Black "Maslovskiy, Vladimir"]
[Result "1-0"]
[WhiteElo "2293"]
[BlackElo "2050"]
[PlyCount "129"]
[EventDate "2023.01.27"]
[EventType "swiss"]
[EventRounds "10"]
[EventCountry "RUS"]
[SourceTitle "CBM 212 Extra"]
[Source "ChessBase"]
[SourceDate "2023.03.31"]
[SourceVersion "1"]
[SourceVersionDate "2023.03.31"]
[SourceQuality "1"]

1. d4 Nf6 2. c4 e6 3. Nf3 d5 4. Nbd2 Be7 5. g3 0-0 6. Bg2 c5 7. cxd5 exd5 8. dxc5 Bxc5 9. 0-0 Nc6 10. a3 a5 11. Nb3 Bb6 12. Nbd4 Ne4 13. Be3 Re8 14. Rc1 Bd7 15. Qd3 a4 16. Nc2 Bf5 17. Qb5 Ra6 18. Rfd1 Be6 19. Nfd4 Nxd4 20. Bxd4 Nd6 21. Bxb6 Rxb6 22. Qxa4 Nc4 23. Qa7 Nxb2 24. Re1 Qd6 25. Nb4 d4 26. Bxb7 Nc4 27. Bg2 h5 28. Nd3 Qxa3 29. Qxa3 Nxa3 30. Nf4 Bc4 31. Bf3 h4 32. gxh4 Rf6 33. e3 Rd8 34. Red1 Rfd6 35. Kg2 dxe3 36. Rxd6 Rxd6 37. fxe3 Rd2+ 38. Kg3 Nc2 39. Ng2 Be6 40. Be4 Nb4 41. Rb1 f5 42. Bxf5 Bxf5 43. Rxb4 Re2 44. Kf3 Ra2 45. h5 Bd7 46. h4 Bc6+ 47. e4 Kf7 48. Ne3 Ra5 49. Rc4 Bd7 50. Nd5 Ra3+ 51. Rc3 Ra1 52. Rc7 Ke6 53. Nb6 Be8 54. Rxg7 Bxh5+ 55. Kf4 Rf1+ 56. Kg5 Bf7 57. Nd5 Rg1+ 58. Kh6 Rh1 59. Nf4+ Kf6 60. Rg4 Ke5 61. Ng6+ Kd4 62. e5+ Kd5 63. h5 Be6 64. Rg5 Ra1 65. Nf4+ 1-0

[Event "Cheliabinsk Lozovatsky Memorial-A"]
[Site "Cheliabinsk"]
[Date "2023.01.30"]
[Round "4"]
[White "Salemgareev, Tagir"]
[Black "Tunik, Gennady"]
[Result "1-0"]
[WhiteElo "2466"]
[BlackElo "2293"]
[PlyCount "67"]
[EventDate "2023.01.27"]
[EventType "swiss"]
[EventRounds "10"]
[EventCountry "RUS"]
[SourceTitle "CBM 212 Extra"]
[Source "ChessBase"]
[SourceDate "2023.03.31"]
[SourceVersion "1"]
[SourceVersionDate "2023.03.31"]
[SourceQuality "1"]

1. d4 Nf6 2. Nf3 e6 3. c4 b6 4. g3 Bb7 5. Bg2 Bb4+ 6. Bd2 c5 7. d5 exd5 8. Nh4 0-0 9. 0-0 Bxd2 10. Qxd2 Ne4 11. Qc2 Re8 12. Nc3 Nxc3 13. bxc3 d6 14. cxd5 Nd7 15. c4 a6 16. a4 Qf6 17. Rab1 b5 18. axb5 axb5 19. Rxb5 Bc8 20. Nf3 g6 21. e3 Ne5 22. Nd2 Bf5 23. e4 Bd7 24. Rbb1 g5 25. f3 Ra7 26. Qb2 Rea8 27. f4 gxf4 28. gxf4 Ra2 29. fxe5 Qg5 30. Qc3 R8a3 31. e6 f6 32. exd7 Rxc3 33. d8Q+ Kg7 34. Rb7+ 1-0

[Event "Cheliabinsk Panchenko Memorial op-A"]
[Site "Cheliabinsk"]
[Date "2022.09.19"]
[Round "8"]
[White "Matinian, Nikita"]
[Black "Tunik, Gennady"]
[Result "1-0"]
[WhiteElo "2435"]
[BlackElo "2284"]
[PlyCount "71"]
[EventDate "2022.09.12"]
[EventType "swiss"]
[EventRounds "10"]
[EventCountry "RUS"]
[SourceTitle "CBM 210 Extra"]
[Source "ChessBase"]
[SourceDate "2022.11.30"]
[SourceVersion "1"]
[SourceVersionDate "2022.11.30"]
[SourceQuality "1"]

1. e4 c5 2. Nf3 e6 3. d4 cxd4 4. Nxd4 a6 5. Nc3 Nc6 6. Be2 Nge7 7. Nb3 Ng6 8. h4 Nxh4 9. g3 Ng6 10. Be3 Bb4 11. Qd2 d5 12. a3 Bxc3 13. Qxc3 Qf6 14. Qxf6 gxf6 15. exd5 exd5 16. Nc5 Nge7 17. 0-0-0 b6 18. Na4 b5 19. Nb6 Rb8 20. Nxd5 Nxd5 21. Rxd5 Be6 22. Rd6 Rc8 23. Bf3 Ne5 24. Bb7 Rb8 25. Rxa6 0-0 26. Be4 Ng6 27. Bd4 f5 28. Bd3 Rfc8 29. Rh5 Rd8 30. c3 Rd5 31. f4 Rc8 32. Kd2 Ne7 33. b4 Nc6 34. Rg5+ Kf8 35. Bc5+ Rxc5 36. bxc5 1-0

[Event "Cheliabinsk Panchenko Memorial op-A"]
[Site "Cheliabinsk"]
[Date "2022.09.17"]
[Round "6"]
[White "Shubin, Kirill"]
[Black "Tunik, Gennady"]
[Result "1/2-1/2"]
[WhiteElo "2486"]
[BlackElo "2284"]
[PlyCount "61"]
[EventDate "2022.09.12"]
[EventType "swiss"]
[EventRounds "10"]
[EventCountry "RUS"]
[SourceTitle "CBM 210 Extra"]
[Source "ChessBase"]
[SourceDate "2022.11.30"]
[SourceVersion "1"]
[SourceVersionDate "2022.11.30"]
[SourceQuality "1"]

1. e4 c5 2. Nf3 e6 3. d4 cxd4 4. Nxd4 a6 5. Bd3 Bc5 6. Nb3 Ba7 7. Qf3 Ne7 8. Qg3 0-0 9. Nc3 Nbc6 10. Bh6 Ng6 11. Be3 d6 12. 0-0-0 e5 13. Bc4 Be6 14. Bd5 Bxd5 15. Nxd5 a5 16. Bxa7 Rxa7 17. a4 Nb4 18. Qe3 Ra6 19. g3 Rc6 20. c3 Nxd5 21. Rxd5 b6 22. Rhd1 f5 23. exf5 Rxf5 24. R1d2 Rf6 25. Rb5 Qc7 26. Re2 Ne7 27. f4 Ng6 28. Qe4 h6 29. h4 exf4 30. Rf5 Rxf5 31. Qxf5 1/2-1/2

[Event "Nezhmetdinov Memorial 44th"]
[Site "Kazan"]
[Date "2022.06.03"]
[Round "9"]
[White "Volkov, Sergey"]
[Black "Tunik, Gennady"]
[Result "1-0"]
[WhiteElo "2510"]
[BlackElo "2338"]
[PlyCount "108"]
[EventDate "2022.05.27"]
[EventType "swiss"]
[EventRounds "9"]
[EventCountry "RUS"]
[SourceTitle "CBM 208 Extra"]
[Source "ChessBase"]
[SourceDate "2022.07.31"]
[SourceVersion "1"]
[SourceVersionDate "2022.07.31"]
[SourceQuality "1"]

1. d4 Nf6 2. c4 e6 3. Nc3 Bb4 4. f3 d5 5. a3 Be7 6. e4 dxc4 7. Bxc4 c5 8. Nge2 Nc6 9. Be3 cxd4 10. Nxd4 Nxd4 11. Qxd4 a6 12. Qxd8+ Bxd8 13. Kf2 Nd7 14. Rhd1 Bb6 15. Rd6 Bc7 16. Rd2 b5 17. Be2 Rb8 18. Rc1 Ba5 19. b4 Bb6 20. a4 Bxe3+ 21. Kxe3 bxa4 22. Nxa4 0-0 23. Nc5 Ne5 24. f4 Ng6 25. Rb2 Rb6 26. Ra1 f5 27. e5 Ne7 28. Bc4 Kf7 29. Rd1 g5 30. g3 gxf4+ 31. gxf4 Ng6 32. Rd6 Rxd6 33. exd6 Rd8 34. Rd2 Nf8 35. Nxa6 Bxa6 36. Bxa6 Nd7 37. Bb7 Nb6 38. Rd4 Rxd6 39. Rxd6 Nc4+ 40. Kd4 Nxd6 41. Bc6 Ke7 42. b5 Nf7 43. Kc5 Nd8 44. Bf3 Kd7 45. b6 Nf7 46. Bc6+ Kc8 47. Bb5 Kb7 48. Bd7 Nd8 49. h4 h6 50. h5 Kb8 51. Kd6 Nb7+ 52. Ke5 Nc5 53. Bxe6 Kb7 54. Bxf5 Kxb6 1-0

[Event "Cheliabinsk Panchenko Memorial op"]
[Site "Cheliabinsk"]
[Date "2019.09.15"]
[Round "7"]
[White "Tunik, Gennady"]
[Black "Zharkov, Nikolay"]
[Result "1-0"]
[WhiteElo "2358"]
[BlackElo "2109"]
[PlyCount "193"]
[EventDate "2019.09.09"]
[EventType "swiss"]
[EventRounds "9"]
[EventCountry "RUS"]
[SourceTitle "EXT 2020"]
[Source "ChessBase"]
[SourceDate "2019.10.17"]
[SourceVersion "1"]
[SourceVersionDate "2019.10.17"]
[SourceQuality "1"]

1. d4 g6 2. Nf3 Bg7 3. c4 d6 4. e4 e5 5. Nc3 exd4 6. Nxd4 Nc6 7. Be3 Nge7 8. Be2 0-0 9. Qd2 f5 10. Nxc6 Nxc6 11. exf5 Bxf5 12. 0-0 Qd7 13. Rad1 Qf7 14. b3 Kh8 15. Bf3 Rae8 16. c5 Rd8 17. Bxc6 bxc6 18. Bd4 dxc5 19. Bxg7+ Kxg7 20. Qe3 c4 21. bxc4 Rxd1 22. Nxd1 Qxc4 23. Qxa7 Qf4 24. Qa5 Kg8 25. Qc3 Be6 26. Ne3 Bxa2 27. Qxc6 Qd6 28. Qc3 Qf4 29. f3 Be6 30. g3 Qf7 31. Kg2 Rc8 32. Rd1 c5 33. Qe5 c4 34. Rd6 Re8 35. Qc5 Rc8 36. Qb6 Re8 37. Qd4 h5 38. h4 Qg7 39. Qxg7+ Kxg7 40. Kf2 Bf7 41. Rc6 Re6 42. Rc7 Ra6 43. Nxc4 Kf6 44. Nd2 Bd5 45. Rc5 Ke5 46. Rc2 Kd4 47. Nf1 Bc4 48. Nd2 Bd5 49. Rc8 Ra2 50. Ke2 Rb2 51. Rd8 Ra2 52. Rd6 Rc2 53. Kd1 Rc6 54. Rxc6 Bxc6 55. Ke2 Bd5 56. Kf2 Kd3 57. Nf1 Be6 58. Ne3 Kd4 59. Ng2 Bf5 60. Nf4 Bc2 61. Ke2 Bb1 62. Kd2 Ke5 63. Ke3 Kf5 64. Nh3 Ba2 65. Ng5 Bd5 66. Ne4 Ke5 67. Nc3 Bc6 68. Ne2 Bb7 69. Nd4 Bd5 70. f4+ Kf6 71. Kd3 Bb7 72. Kc4 Be4 73. Kc5 Bg2 74. Kd6 Be4 75. Kd7 Bd5 76. Ke8 Bf7+ 77. Kf8 Bd5 78. Nc2 Bb3 79. Ne3 Be6 80. Ke8 Bf7+ 81. Kd7 Be6+ 82. Kd6 Ba2 83. f5 gxf5 84. Ng2 Be6 85. Nf4 Bf7 86. Kd7 Bg8 87. Nxh5+ Ke5 88. Ke7 Bb3 89. Nf4 Ke4 90. h5 Kf3 91. h6 Bg8 92. Kf8 Bh7 93. Kg7 Kxg3 94. Kxh7 Kxf4 95. Kg6 Kg4 96. h7 f4 97. h8Q 1-0

[Event "Cheliabinsk Panchenko Memorial op"]
[Site "Cheliabinsk"]
[Date "2019.09.10"]
[Round "2"]
[White "Gutenev, Alexander"]
[Black "Tunik, Gennady"]
[Result "1/2-1/2"]
[WhiteElo "2491"]
[BlackElo "2358"]
[PlyCount "90"]
[EventDate "2019.09.09"]
[EventType "swiss"]
[EventRounds "9"]
[EventCountry "RUS"]
[SourceTitle "EXT 2020"]
[Source "ChessBase"]
[SourceDate "2019.10.17"]
[SourceVersion "1"]
[SourceVersionDate "2019.10.17"]
[SourceQuality "1"]

1. e4 c5 2. Nf3 e6 3. d4 cxd4 4. Nxd4 Nc6 5. Nc3 a6 6. Be2 Nge7 7. 0-0 Nxd4 8. Qxd4 Nc6 9. Qd3 Be7 10. Bf4 0-0 11. Rad1 b5 12. Bd6 Bxd6 13. Qxd6 Ra7 14. f4 Qe7 15. a4 Qxd6 16. Rxd6 b4 17. Nd1 f6 18. Ne3 Kf7 19. Rfd1 Ke7 20. Nc4 Rc7 21. Nb6 Nb8 22. R1d2 Bb7 23. R6d4 a5 24. Bb5 Rd8 25. b3 e5 26. fxe5 fxe5 27. Rc4 Rxc4 28. Nxc4 Bxe4 29. Nxe5 d5 30. Kf2 Ke6 31. Nc4 Rc8 32. Nxa5 Bxc2 33. Rd4 Be4 34. Rxb4 Rc2+ 35. Ke3 Ke5 36. Bf1 Nd7 37. Nc4+ dxc4 38. Rb5+ Kd6 39. Kxe4 Nc5+ 40. Ke3 cxb3 41. a5 b2 42. Kd4 Ne6+ 43. Ke3 Nc5 44. Kd4 Ne6+ 45. Ke3 Nc5 1/2-1/2

[Event "Eurasia Cup op"]
[Site "Ekaterinburg"]
[Date "2019.08.08"]
[Round "8"]
[White "Tunik, Gennady"]
[Black "Bocharov, Dmitry"]
[Result "0-1"]
[WhiteElo "2371"]
[BlackElo "2506"]
[PlyCount "63"]
[EventDate "2019.07.31"]
[EventType "swiss"]
[EventRounds "9"]
[EventCountry "RUS"]
[SourceTitle "CBM 191 Extra"]
[Source "ChessBase"]
[SourceDate "2019.09.30"]
[SourceVersion "1"]
[SourceVersionDate "2019.09.30"]
[SourceQuality "1"]

1. d4 Nf6 2. Nf3 e6 3. c4 d5 4. Nc3 dxc4 5. e3 a6 6. Bxc4 b5 7. Be2 Bb7 8. 0-0 Nbd7 9. a4 b4 10. Nb1 c5 11. Nbd2 Be7 12. a5 0-0 13. Nc4 Qc7 14. b3 cxd4 15. exd4 Rad8 16. Bd2 Ne4 17. Qc1 Nxd2 18. Ncxd2 Qb8 19. Nc4 Nf6 20. Nce5 Nd5 21. Nc6 Bxc6 22. Qxc6 Rd6 23. Qc2 Nc3 24. Bc4 Bf6 25. Rae1 Rfd8 26. Ne5 Bxe5 27. dxe5 Rd2 28. Qc1 Qa7 29. h3 h6 30. Re3 Qc5 31. Bxa6 Qxa5 32. Bc4 0-1

[Event "Eurasia Cup op"]
[Site "Ekaterinburg"]
[Date "2019.08.07"]
[Round "7"]
[White "Chigaeva, Anastasia"]
[Black "Tunik, Gennady"]
[Result "0-1"]
[WhiteElo "2193"]
[BlackElo "2371"]
[PlyCount "110"]
[EventDate "2019.07.31"]
[EventType "swiss"]
[EventRounds "9"]
[EventCountry "RUS"]
[SourceTitle "CBM 191 Extra"]
[Source "ChessBase"]
[SourceDate "2019.09.30"]
[SourceVersion "1"]
[SourceVersionDate "2019.09.30"]
[SourceQuality "1"]

1. d4 Nf6 2. c4 e6 3. Nf3 b6 4. g3 Ba6 5. Qa4 Bb7 6. Bg2 c5 7. dxc5 Bxc5 8. 0-0 0-0 9. Nc3 Be7 10. Qc2 a6 11. b3 d6 12. Bb2 Nbd7 13. Nd4 Bxg2 14. Kxg2 Qc7 15. e4 Qb7 16. Qe2 Rfe8 17. f3 Rac8 18. Rfd1 Bf8 19. Rd2 Ne5 20. Nc2 Rc7 21. Rad1 h6 22. Ne3 Rec8 23. a4 Nfd7 24. f4 Nc6 25. Ba3 Na5 26. Bxd6 Nxb3 27. Rb2 Bxd6 28. Rxd6 Na5 29. Rbd2 Nf6 30. Rd8+ Kh7 31. Rxc8 Rxc8 32. Qd3 Nb3 33. Rb2 Nc5 34. Qd4 Rc7 35. Nf1 Qc6 36. Kg1 Rd7 37. Qe3 Rd3 38. Qe1 Rxc3 39. Qxc3 Nxa4 40. Qc2 Nxb2 41. e5+ Ne4 42. Qxb2 Qc5+ 43. Kg2 Qxc4 44. Qxb6 Qe2+ 45. Kg1 a5 46. Qb1 g6 47. Qb6 a4 48. Qe3 Qxe3+ 49. Nxe3 a3 50. Nc2 a2 51. Na1 g5 52. Kg2 gxf4 53. gxf4 Kg6 54. Kf3 Nc3 55. Kg4 Nd5 0-1

[Event "Voronezh op-A 23rd"]
[Site "Voronezh"]
[Date "2019.06.21"]
[Round "9"]
[White "Potapov, Pavel"]
[Black "Tunik, Gennady"]
[Result "1-0"]
[WhiteElo "2479"]
[BlackElo "2373"]
[PlyCount "73"]
[EventDate "2019.06.12"]
[EventType "swiss"]
[EventRounds "9"]
[EventCountry "RUS"]
[SourceTitle "EXT 2020"]
[Source "ChessBase"]
[SourceDate "2019.10.17"]
[SourceVersion "1"]
[SourceVersionDate "2019.10.17"]
[SourceQuality "1"]

1. e4 c5 2. c3 Nf6 3. e5 Nd5 4. Bc4 Nb6 5. Bb3 c4 6. Bc2 d6 7. exd6 Qxd6 8. Nf3 Qe6+ 9. Qe2 Qxe2+ 10. Kxe2 Nc6 11. b3 Bg4 12. h3 Bh5 13. Na3 Bxf3+ 14. Kxf3 e6 15. Nxc4 Nxc4 16. bxc4 Ne5+ 17. Ke2 Nxc4 18. Ba4+ Kd8 19. d3 Nb6 20. Bb3 Rc8 21. Bd2 Ba3 22. Rab1 Ke7 23. h4 Rhd8 24. h5 Rd7 25. Rh3 Kf8 26. g4 Bd6 27. Rf3 Nd5 28. d4 b6 29. g5 Be7 30. g6 hxg6 31. hxg6 Bf6 32. Rh1 Ne7 33. Rh8+ Ng8 34. Bc1 Rd6 35. Ba3 Rcd8 36. Bxd6+ Rxd6 37. Re3 1-0

[Event "Voronezh op-A 23rd"]
[Site "Voronezh"]
[Date "2019.06.16"]
[Round "5"]
[White "Tunik, Gennady"]
[Black "Omelja, Artem"]
[Result "1/2-1/2"]
[WhiteElo "2373"]
[BlackElo "2451"]
[PlyCount "80"]
[EventDate "2019.06.12"]
[EventType "swiss"]
[EventRounds "9"]
[EventCountry "RUS"]
[SourceTitle "EXT 2020"]
[Source "ChessBase"]
[SourceDate "2019.10.17"]
[SourceVersion "1"]
[SourceVersionDate "2019.10.17"]
[SourceQuality "1"]

1. d4 f5 2. g3 Nf6 3. Bg2 g6 4. Nf3 Bg7 5. 0-0 0-0 6. c4 d6 7. Nc3 Qe8 8. Nd5 Na6 9. Nxf6+ Rxf6 10. e4 fxe4 11. Ng5 h6 12. Nxe4 Rf8 13. Be3 Qf7 14. Rc1 c6 15. h4 Nc7 16. b3 Ne8 17. Qd2 Kh7 18. d5 c5 19. b4 cxb4 20. Qxb4 b6 21. f4 Bf5 22. Qd2 Nf6 23. Nf2 Ng4 24. Nxg4 Bxg4 25. Bd4 Rac8 26. Rfe1 Rc7 27. Re3 Bxd4 28. Qxd4 Qg7 29. Qd2 h5 30. Bf1 Bf5 31. Rce1 Rf7 32. a4 Qf6 33. Kh2 Kg7 34. Rc1 Rc5 35. Bd3 Qd4 36. Qe2 Bg4 37. Qf2 e5 38. fxe5 Re7 39. Rce1 Re6 40. Kg1 Rxe5 1/2-1/2

[Event "Voronezh op-A 23rd"]
[Site "Voronezh"]
[Date "2019.06.14"]
[Round "3"]
[White "Tunik, Gennady"]
[Black "Odegov, Artem"]
[Result "1/2-1/2"]
[WhiteElo "2373"]
[BlackElo "2208"]
[PlyCount "80"]
[EventDate "2019.06.12"]
[EventType "swiss"]
[EventRounds "9"]
[EventCountry "RUS"]
[SourceTitle "EXT 2020"]
[Source "ChessBase"]
[SourceDate "2019.10.17"]
[SourceVersion "1"]
[SourceVersionDate "2019.10.17"]
[SourceQuality "1"]

1. d4 d5 2. c4 e6 3. Nf3 a6 4. e3 Nf6 5. a3 b6 6. Nc3 Bb7 7. Be2 dxc4 8. Bxc4 b5 9. Be2 c5 10. dxc5 Qxd1+ 11. Nxd1 Bxc5 12. Nd2 Ke7 13. Bf3 Bxf3 14. gxf3 Rd8 15. Nc3 Nbd7 16. Nb3 Bb6 17. Ke2 Rac8 18. Rd1 Ne5 19. Rxd8 Bxd8 20. Bd2 Nc4 21. Nd1 Nxd2 22. Nxd2 Nd5 23. Nb3 Kd7 24. Rc1 Rxc1 25. Nxc1 Bf6 26. Nd3 Kc6 27. e4 Nb6 28. Nb4+ Kb7 29. Nc2 Be5 30. h3 Kc6 31. Nb4+ Kb7 32. Nd3 Bd4 33. b3 a5 34. Ne3 Bxe3 35. Kxe3 Nd7 36. Kd4 Kc6 37. b4 a4 38. Ne5+ Nxe5 39. Kxe5 Kd7 40. f4 f6+ 1/2-1/2

[Event "Nezhmetdinov Memorial 41st"]
[Site "Kazan"]
[Date "2019.06.04"]
[Round "5"]
[White "Sarana, Alexey"]
[Black "Tunik, Gennady"]
[Result "1-0"]
[WhiteElo "2636"]
[BlackElo "2373"]
[PlyCount "105"]
[EventDate "2019.05.31"]
[EventType "swiss"]
[EventRounds "9"]
[EventCountry "RUS"]
[SourceTitle "CBM 190 Extra"]
[Source "ChessBase"]
[SourceDate "2019.07.15"]
[SourceVersion "1"]
[SourceVersionDate "2019.07.15"]
[SourceQuality "1"]

1. d4 Nf6 2. c4 e6 3. Nf3 b6 4. a3 Ba6 5. Qc2 Bb7 6. Nc3 c5 7. e4 cxd4 8. Nxd4 Bc5 9. Nb3 Nc6 10. f3 0-0 11. Nxc5 bxc5 12. Be3 Qe7 13. Qf2 d6 14. Be2 e5 15. 0-0 a5 16. Bd3 Nd4 17. Rae1 Nh5 18. Nb5 a4 19. f4 Nxb5 20. cxb5 Nxf4 21. Bxf4 exf4 22. Qxf4 f6 23. Bc4+ Kh8 24. Rd1 Rfd8 25. Rd2 Rd7 26. Rfd1 Rad8 27. b6 Bc6 28. Qf5 Re8 29. Bd5 g6 30. Qf4 Bxd5 31. Rxd5 Red8 32. h4 Kg7 33. R1d3 Qe6 34. Kh2 h6 35. h5 g5 36. Qf5 Qf7 37. Qg4 Qe7 38. Qf5 Qf7 39. g4 Qe8 40. Kg3 Qf7 41. Kf2 Kf8 42. Ke1 Ke7 43. Kd2 Rb8 44. e5 Rxb6 45. exf6+ Kd8 46. Kc1 Kc7 47. Re3 Rb3 48. Re1 Kc6 49. Re6 Rb5 50. Qe4 Kc7 51. Rdxd6 Rxd6 52. Re7+ Rd7 53. Rxf7 1-0

[Event "Dvorkovich Memorial op"]
[Site "Taganrog"]
[Date "2019.01.15"]
[Round "6"]
[White "Tunik, Gennady"]
[Black "Kabanov, Nikolai"]
[Result "1/2-1/2"]
[WhiteElo "2354"]
[BlackElo "2447"]
[PlyCount "68"]
[EventDate "2019.01.10"]
[EventType "swiss"]
[EventRounds "9"]
[EventCountry "RUS"]
[SourceTitle "CBM 188 Extra"]
[Source "ChessBase"]
[SourceDate "2019.02.26"]
[SourceVersion "1"]
[SourceVersionDate "2019.02.26"]
[SourceQuality "1"]

1. d4 Nf6 2. c4 c5 3. d5 b5 4. cxb5 a6 5. bxa6 g6 6. Nc3 Bg7 7. Nf3 0-0 8. e4 Qa5 9. Nd2 Bxa6 10. Be2 d6 11. 0-0 Nbd7 12. Nc4 Bxc4 13. Bxc4 Nb6 14. Bb3 Nfd7 15. Bd2 Qa6 16. a4 Rfc8 17. Ra2 Nc4 18. Bc1 Na5 19. Bc2 c4 20. Nb5 Nc5 21. Be3 Nab3 22. Nd4 Qb7 23. Bxb3 cxb3 24. Ra3 Rxa4 25. Rxa4 Nxa4 26. Qxb3 Qxb3 27. Nxb3 Bxb2 28. Na5 Rc2 29. f3 f5 30. Nc6 Bf6 31. exf5 gxf5 32. Bd4 Kf7 33. Bxf6 exf6 34. Na5 Rd2 1/2-1/2

[Event "Wch Seniors 65 28th"]
[Site "Bled"]
[Date "2018.11.29"]
[Round "11"]
[White "Balashov, Yuri S"]
[Black "Tunik, Gennady"]
[Result "1-0"]
[WhiteElo "2445"]
[BlackElo "2365"]
[PlyCount "74"]
[EventDate "2018.11.18"]
[EventType "swiss"]
[EventRounds "11"]
[EventCountry "SLO"]
[SourceTitle "CBM 187 Extra"]
[Source "ChessBase"]
[SourceDate "2018.11.04"]
[SourceVersion "1"]
[SourceVersionDate "2018.11.04"]
[SourceQuality "1"]

1. e4 c5 2. Nf3 e6 3. Nc3 Nc6 4. d4 cxd4 5. Nxd4 a6 6. Be3 Qc7 7. Qf3 Nf6 8. 0-0-0 d6 9. Be2 Rb8 10. g4 Ne5 11. Qg3 b5 12. g5 Nfd7 13. f4 b4 14. Na4 Nc4 15. Bxc4 Qxc4 16. b3 Qc7 17. Rhe1 Nc5 18. Nxc5 dxc5 19. Nf3 Be7 20. f5 Qxg3 21. hxg3 f6 22. gxf6 gxf6 23. Bf4 Rb6 24. Nd2 exf5 25. Nc4 Re6 26. exf5 Rxe1 27. Rxe1 Kf7 28. Bd6 Bf8 29. g4 h5 30. Bxf8 Kxf8 31. Nb6 Bb7 32. Nd7+ Kf7 33. Nxc5 Bf3 34. gxh5 a5 35. Rf1 Bxh5 36. Rh1 Rc8 37. Ne4 Rc7 1-0

[Event "Nezhmetdinov Memorial 40th"]
[Site "Kazan"]
[Date "2018.09.18"]
[Round "6"]
[White "Tunik, Gennady"]
[Black "Frolyanov, Dmitry"]
[Result "1-0"]
[WhiteElo "2367"]
[BlackElo "2532"]
[PlyCount "133"]
[EventDate "2018.09.13"]
[EventType "swiss"]
[EventRounds "9"]
[EventCountry "RUS"]
[SourceTitle "CBM 186 Extra"]
[Source "ChessBase"]
[SourceDate "2018.08.24"]
[SourceVersion "1"]
[SourceVersionDate "2018.08.24"]
[SourceQuality "1"]

1. d4 d5 2. c4 e6 3. Nf3 Nf6 4. g3 dxc4 5. Bg2 a6 6. 0-0 Nc6 7. Bg5 h6 8. Bxf6 Qxf6 9. e3 e5 10. dxe5 Nxe5 11. Nxe5 Qxe5 12. Nd2 Be7 13. Nxc4 Qc5 14. Qc2 0-0 15. b4 Qa7 16. Na5 Bxb4 17. Qxc7 Be6 18. Nb3 Rab8 19. Qf4 Bc3 20. Rac1 Rbc8 21. Nd4 Rc4 22. Rfd1 b5 23. Bf1 Rcc8 24. Nxe6 fxe6 25. Qe4 Qf7 26. Rc2 Qf5 27. Qxf5 exf5 28. Rdc1 b4 29. Bxa6 Ra8 30. Bc4+ Kh7 31. Rd1 Rfd8 32. Rcc1 g6 33. Kg2 Kg7 34. Bb3 Kf6 35. h3 h5 36. f4 Ke7 37. Kf3 Kf6 38. g4 hxg4+ 39. hxg4 g5 40. gxf5 Kxf5 41. e4+ Kf6 42. fxg5+ Kxg5 43. Ke3 Rxd1 44. Rxd1 Kf6 45. Rd6+ Ke7 46. e5 Rh8 47. Ra6 Rh3+ 48. Kf4 Rd3 49. Rg6 Rd2 50. Rg7+ Kd8 51. Ra7 Re2 52. e6 Re1 53. Kf5 Re5+ 54. Kg6 Re1 55. Kf7 Rf1+ 56. Kg8 Rg1+ 57. Kf8 Rf1+ 58. Rf7 Bf6 59. Rd7+ Kc8 60. Ke8 Rh1 61. Rd5 Rh7 62. Rc5+ Kb7 63. Rf5 Rh8+ 64. Kf7 Bh4 65. Rf4 Kc6 66. Rxb4 Kd6 67. Rd4+ 1-0

[Event "Nezhmetdinov Memorial 40th"]
[Site "Kazan"]
[Date "2018.09.15"]
[Round "3"]
[White "Mochalin, Faddey"]
[Black "Tunik, Gennady"]
[Result "0-1"]
[WhiteElo "2100"]
[BlackElo "2367"]
[PlyCount "68"]
[EventDate "2018.09.13"]
[EventType "swiss"]
[EventRounds "9"]
[EventCountry "RUS"]
[SourceTitle "CBM 186 Extra"]
[Source "ChessBase"]
[SourceDate "2018.08.24"]
[SourceVersion "1"]
[SourceVersionDate "2018.08.24"]
[SourceQuality "1"]

1. e4 c5 2. Nf3 e6 3. d4 cxd4 4. Nxd4 Nc6 5. Nc3 a6 6. Nxc6 bxc6 7. e5 Qc7 8. Bf4 Rb8 9. Rb1 Ne7 10. Bd3 f5 11. 0-0 g6 12. Be3 c5 13. Qd2 Bb7 14. b3 Nd5 15. Nxd5 Bxd5 16. f4 Be7 17. Bxa6 Ra8 18. Bb5 Rxa2 19. Ra1 Rxa1 20. Rxa1 Kf7 21. Qa5 Qb7 22. Qa7 Qxb5 23. c4 Qxb3 24. cxd5 Qxe3+ 25. Kh1 exd5 26. Qxd7 Rd8 27. Qb7 Qxf4 28. e6+ Kf6 29. h3 d4 30. Ra7 Qf1+ 31. Kh2 Qf4+ 32. g3 Qf2+ 33. Kh1 Qe1+ 34. Kg2 Qe4+ 0-1

[Event "Nezhmetdinov Memorial 40th"]
[Site "Kazan"]
[Date "2018.09.14"]
[Round "2"]
[White "Tunik, Gennady"]
[Black "Norkin, Yaks"]
[Result "1-0"]
[WhiteElo "2367"]
[BlackElo "1752"]
[PlyCount "69"]
[EventDate "2018.09.13"]
[EventType "swiss"]
[EventRounds "9"]
[EventCountry "RUS"]
[SourceTitle "CBM 186 Extra"]
[Source "ChessBase"]
[SourceDate "2018.08.24"]
[SourceVersion "1"]
[SourceVersionDate "2018.08.24"]
[SourceQuality "1"]

1. d4 Nf6 2. c4 e5 3. dxe5 Ng4 4. Bf4 Bb4+ 5. Nd2 Nc6 6. a3 Bxd2+ 7. Qxd2 Ngxe5 8. e3 d6 9. Be2 0-0 10. Nf3 Nxf3+ 11. Bxf3 Ne5 12. Be2 Be6 13. Rc1 f6 14. 0-0 Qe7 15. Bg3 Rad8 16. Rfd1 d5 17. cxd5 Rxd5 18. Qc3 c6 19. e4 Rxd1+ 20. Rxd1 Nf7 21. f3 c5 22. Qa5 b6 23. Qb5 h6 24. h3 Rc8 25. Bc4 Rd8 26. Rxd8+ Nxd8 27. Bd5 Kh7 28. a4 Bd7 29. Qa6 Nc6 30. Qb7 Nd4 31. Kh2 Ne2 32. Bb8 c4 33. Bxc4 Qc5 34. Bxe2 Bxa4 35. Qd5 1-0